Normal view
MARC view
- SUPERVISOR DR. IMRAN AKHTAR DR. SAIFULLAH KHALID
Entry Personal Name
001 - CONTROL NUMBER
- control field: 70815
003 - CONTROL NUMBER IDENTIFIER
- control field: NUST
005 - DATE AND TIME OF LATEST TRANSACTION
- control field: 20210628204545.0
008 - FIXED-LENGTH DATA ELEMENTS
- fixed length control field: 210628|| aca||aabn | a|a d
040 ## - CATALOGING SOURCE
- Original cataloging agency: NUST
- Transcribing agency: NUST
100 ## - HEADING--PERSONAL NAME
- Personal name: SUPERVISOR DR. IMRAN AKHTAR DR. SAIFULLAH KHALID
670 ## - SOURCE DATA FOUND
- Source citation: Work cat.: (NUST): NS MUHAMMAD MOHSIN KHAN NIAZI NS ZARYAB HYDER 70814, PR-SOF-1530-ENERGY HARVESTING THROUGH FLAPPING WING TURBINE, 2016
